000 00719cam a2200241 a 4500
001 000007906
005 20240306164224.0
008 761009s1971 sp 000 f spa d
035 _a(DLC) 72316899
040 _aDO-SdBNP
_cIEN
_dDLC
_dBNPHU
082 _aPe863.44
_bV297h
100 1 _aVargas Llosa, Mario,
_d1936-
_912567
245 1 3 _aLa historia secreta de una novela /
_cMario Vargas Llosa.
260 _aBarcelona :
_bTusquets,
_c1971.
300 _a75 p. ;
_c18 cm.
490 1 _aCuadernos marginales
_v21
650 4 _aNovela peruana
_912569
650 4 _aLiteratura peruana
_93140
830 0 _aCuadernos marginales ;
_v21
_921689
910 _aCatalogación por copia / LC
910 _aWM
049 _aBNGR
999 _c7684
_d7684